Szczegóły MARC21

The prince /

003 -Nazwa inst., której nr kontr. jest w polu 001 [,]
    • @
    • Nazwa instytucji, której n kontrolny jest w polu 001
    • NUKAT
005 -DATA I CZAS OSTATNIEJ MODYFIKACJI [,]
    • @
    • pole kontrolne
    • 20241231091016.0
040 -Instytucja sporządzająca opis [ , ]
    • a
    • Instytucja, która sporządziła opis (NP)
    • GD U/DC
    • c
    • Instytucja, która sporządziła rekord (NP)
    • GD U/DC
    • d
    • Instytucja, która zmodyfikowała rekord (P)
    • GD U/DC
041 -Język dokumentu [1, ]
    • a
    • Język tekstu (P)
    • angielski
    • h
    • Język tekstu oryginalnego i/lub pośredniego (P)
    • włoski
942 -Rodzaj dokumentu [ , ]
    • c
    • Rodzaj dokumentu
    • Książka
100 -Hasło główne - nazwa osobowa [1, ]
    • a
    • Nazwa osobowa (NP)
    • Machiavelli, Niccolò
    • d
    • Daty biograficzne (NP)
    • (1469-1527).
    • 9
    • KHW
    • 19138
240 -Tytuł ujednolicony [1,0]
    • a
    • Tytuł ujednolicony
    • Principe
    • l
    • Język tekstu
    • (ang.)
    • 9
    • KHW
    • 649322
245 -Strefa tytułu i oznaczenia odpowiedzialności [1,4]
    • a
    • Tytuł
    • The prince / Find
    • c
    • Pozostałe elementy strefy tytułu i oznaczenia odpowiedzialności (NP)
    • by Nicolò Machiavelli. Leviathan, or, Matter, form, and power of a commonwealth ecclesiastical and civil / by Thomas Hobbes.
260 -Strefa adresu wydawniczego [ , ]
    • a
    • Miejsce wydania (P)
    • Chicago :
    • b
    • Nazwa wydawcy (P)
    • William Benton :
    • b
    • Nazwa wydawcy (P)
    • Encyclopædia Britannica,
    • c
    • Data wydania (P)
    • cop. 1952.
300 -Strefa opisu fizycznego [ , ]
    • a
    • Określenie formy książki i/lub objętość (NP)
    • XI, 283 s. ;
    • c
    • Format (NP)
    • 24 cm.
336 -Typ zawartości [ , ]
    • a
    • Termin opisujący typ zawartości
    • Tekst
    • b
    • Kod określający zawartość
    • txt
    • 2
    • Źródło (terminu i kodu)
    • rdacontent
337 -Typ mediów [ , ]
    • a
    • Tryb odtwarzania
    • Bez urządzenia pośredniczącego
    • b
    • Kod typu mediów
    • n
    • 2
    • Źródło (terminu i kodu)
    • rdamedia
338 -Typ/rodzaj nośnika [ , ]
    • a
    • Hasło opisujące typ nośnika
    • Wolumin
    • b
    • Kod typu nośnika
    • nc
    • 2
    • Źródło (terminu i kodu)
    • rdacarrier
490 -Strefa serii i książki wielotomowej - forma nie do wyszukiwania [1, ]
    • a
    • Tytuł (P)
    • Great Books of the Western World ; Find
    • v
    • Numeracja (P)
    • 23
830 -Hasło dodatkowe serii i opisu książki wielotomowej - tytuł ujednolicony/tytuł [ ,0]
    • a
    • Tytuł ujednolicony/tytuł (NP)
    • Great Books of the Western World (1952)
    • v
    • Oznaczenie tomu (NP)
    • 23
    • 9
    • KHW
    • 649375
546 -Uwaga dot. języka [ , ]
    • a
    • Uwaga dot. języka
    • Pierwsza praca tł. z wł.
080 -Uniwersalna Klasyfikacja Dziesiętna [ , ]
    • a
    • Symbol klasyfikacji
    • 850-94=20
080 -Uniwersalna Klasyfikacja Dziesiętna [ , ]
    • a
    • Symbol klasyfikacji
    • :850(091)"14/15"=20
080 -Uniwersalna Klasyfikacja Dziesiętna [ , ]
    • a
    • Symbol klasyfikacji
    • :930.1=20
080 -Uniwersalna Klasyfikacja Dziesiętna [ , ]
    • a
    • Symbol klasyfikacji
    • :321.01=20
980 -Symbol UKD [ , ]
    • a
    • UKD
    • 850-94:850(091)"14/15":930.1:321.01]=20
700 -Hasło dodatkowe - nazwa osobowa [1,2]
    • a
    • Nazwa osobowa (NP)
    • Hobbes, Thomas Find
    • d
    • Daty biograficzne (NP)
    • (1588-1679).
    • t
    • Tytuł ujednolicony/tytuł (NP)
    • Leviathan Find
    • l
    • Język tekstu (NP)
    • (ang.)
    • 9
    • KHW
    • 649672
710 -Hasło dodatkowe - nazwa ciała zbiorowego [2, ]
    • a
    • Nazwa ciała zbiorowego lub nazwa geograficzna jako pierwszy element (NP)
    • Encyclopædia Britannica, Inc.
    • 4
    • Kod relacji
    • pbl
    • 9
    • KHW
    • 627939
Status udost. Sygnatura Data inwentaryzacji Lokalizacja Numer inwentarzowy
1ANG. Filozofia 132002-10-17BMA.6757